Teoría del estado : miradas desde el sur del continente americano /

Guardado en:
Autor Principal: Balerdi, Juan Carlos
Otros Autores: Peri Guedes, Marco Aurelio, (coord.)
Formato: Libro
Idioma:Spanish
Publicado: Ciudad Autónoma de Buenos Aires : La Ley; Departamento de publicaciones UBA, 2013.
Edición:1a. ed.
Materias:
Etiquetas: Agregar Etiqueta
Sin Etiquetas, Sea el primero en etiquetar este registro!
LEADER 00602nam a22001695a 4500
001 DER.der012677
008 180615s2013####ag#||||||||||||||#||spa||
005 20240228134218.0
245 1 0 |a Teoría del estado :  |b miradas desde el sur del continente americano /  |c Juan Carlos Balerdi. 
250 |a 1a. ed. 
260 |a Ciudad Autónoma de Buenos Aires :  |b La Ley; Departamento de publicaciones UBA,  |c 2013. 
300 |a 208 p. 
020 |a 9789870326137 
100 1 |a Balerdi, Juan Carlos 
700 1 |a Peri Guedes, Marco Aurelio,  |e coord. 
653 |a CIENCIA POLITICA 
859 |a DERECHO  |b BIB. DERECHO  |h 342.07  |i BAL  |p 007530